000
00298nam a22001337a 4500
008
170616b xxu||||| |||| 00| 0 eng d
020
_a
0894904906
041
_a
eng
080
_2
_a
94
100
_a
16
101
_a
SHH
245
_a
NEW YORK TIMES V,UNITED STATES
_c
HERDA,D.J
942
_2
udc
_c
BK
999
_c
17780
_d
17780